00366nam a22001097a 4500008004100000082002300041100001800064245008100082260004500163300002200208650002600230221024b |||||||| |||| 00| 0 eng d aPOL.SOC CAP (2022) aLhaki, Tenzin aPerceptions regarding employment among the Bhutanese immigrants to Australia aThimphu :bRoyal Thimphu College,c2022. av, 43 p :c30 cm. aStudent research work